00586 2200181 4500001002100000005001700021035002400038040001200062082001200074084002200086110003800108245012500146260005300271300002200324650002500346850001200371990002100383YOGYA00000000001576220170419090729.0 0010-081400000015480 aYOPDYOG a630.212 aDEP 630.212 Kan S aKANTOR Statistik BPS (Yogyakarta) aLuas penggunaan lahan dan alat-alat mesin pertanian Provinsi D.I.Yogyakarta tahun 1993c/ Kantor Statistik DI Yogyakarta aYogyakartabKantor Statistik DI Yogyakartac1994 a59 hlm.c; 28 cm. aPertanian, Alat-alat aYOPDYOG aCB-D.11/1994-226